Hướng tới ngày mai: Cuộc sống mới lạ Tập 1.2 cấp độ B

Đã lưu trong:
Sonraí Bibleagrafaíochta
Formáid: Leabhar
Clibeanna: Cuir Clib Leis
Gan Chlibeanna, Bí ar an gcéad duine leis an taifead seo a chlibeáil!
Thư viện lưu trữ: Mạng thư viện Đại học Đà Nẵng
LEADER 00446nam a22001691a 4500
001 000039913
003 16208
005 20160412022703.0
008 160412s0 000
082 |a 4N(TK)848 
245 |a Hướng tới ngày mai: Cuộc sống mới lạ Tập 1.2 cấp độ B 
OWN |a LNN 
999 |a From the UDN01 
TYP |a Monograph 
980 |a Mạng thư viện Đại học Đà Nẵng